| 000 | 01449nam a22002297a 4500 | ||
|---|---|---|---|
| 003 | NALT | ||
| 005 | 20230214095514.0 | ||
| 008 | 230210b th ||||| |||| 00| 0 tha d | ||
| 020 | _a9786163891648 | ||
| 040 | _aNALT | ||
| 050 |
_aAG 710 _bร421พ 2565 |
||
| 110 | 2 |
_960140 _aสำนักงานราชบัณฑิตยสภา. _bคณะกรรมการจัดทำพจนานุกรมศัพท์วิทยาศาสตร์ประสาทสัมผัส |
|
| 245 | 1 | 0 |
_aพจนานุกรมศัพท์วิทยาศาสตร์ประสาทสัมผัส หมวดลักษณะประจำของชาและกาแฟ ฉบับราชบัณฑิตยสภา / _cคณะกรรมการจัดทำพจนานุกรมศัพท์วิทยาศาสตร์ประสาทสัมผัส สำนักงานราชบัณฑิตยสภา. |
| 250 | _aพิมพ์ครั้งที่ 1. | ||
| 260 |
_aกรุงเทพฯ : _bสำนักงานราชบัณฑิตยสภา, _c2565. |
||
| 300 |
_a120 หน้า ; _c21 ซม. |
||
| 650 | 4 |
_960148 _aวิทยาศาสตร์ _xพจนานุกรม |
|
| 850 | _aNALT | ||
| 942 |
_cREF _2local |
||
| 998 |
_abijaya _bphon _cphon _j104 _k นางสาวสายฝน ดีงาม |
||
| 999 |
_c101381 _d101381 |
||